Likvidita obligácií a niektoré jej aspekty na slovenskom kapitálovom trhu
Obligácie ako druh finančných aktív sú spojené so základnými atribútmi: výnos, riziko, likvidita. Likvidita ako jedna z funkcií finančného trhu. Základné charakteristiky likvidných aktív: cenová stabilita, reverzibilita, obchodovateľnosť. Teória preferencie likvidity. Trh s obligáciami na Slovensku...
Saved in:
| Main Author: | |
|---|---|
| Format: | Book Chapter |
| Language: | Slovak |
| Subjects: | |
| Tags: |
No Tags, Be the first to tag this record!
|
MARC
| LEADER | 00000naa a2200000 4500 | ||
|---|---|---|---|
| 001 | r033459 | ||
| 005 | 20240502071331.3 | ||
| 041 | 0 | |a slo | |
| 044 | |a SK | ||
| 245 | 1 | 0 | |a Likvidita obligácií a niektoré jej aspekty na slovenskom kapitálovom trhu |c Božena Chovancová |
| 520 | |a Obligácie ako druh finančných aktív sú spojené so základnými atribútmi: výnos, riziko, likvidita. Likvidita ako jedna z funkcií finančného trhu. Základné charakteristiky likvidných aktív: cenová stabilita, reverzibilita, obchodovateľnosť. Teória preferencie likvidity. Trh s obligáciami na Slovensku a jeho likvidita. | ||
| 610 | 2 | 0 | |a obligácie |
| 610 | 2 | 0 | |a trh kapitálový |
| 610 | 2 | 0 | |a Slovensko |
| 610 | 2 | 0 | |a likvidita |
| 100 | 1 | |a Chovancová, Božena | |